| 000 | 00970cam a22003013a 4500 | ||
|---|---|---|---|
| 001 | 27925 | ||
| 003 | PGUSA | ||
| 005 | 20140828083614.0 | ||
| 008 | 090129s2009||||xxu|||||s|||||000 1 eng d | ||
| 040 |
_aPGUSA _beng |
||
| 042 | _adc | ||
| 050 | 4 | _aPS | |
| 100 | 1 |
_aSmith, John Talbot, _d1855-1923 |
|
| 245 | 1 | 4 |
_aThe Art of Disappearing _h[electronic resource] / _cJohn Talbot Smith |
| 260 |
_bProject Gutenberg, _c2009 |
||
| 500 | _aAppeared twenty years after its original publication with the title: The Man Who Disappeared. | ||
| 506 | _aPublic domain in the USA. | ||
| 516 | _aElectronic text | ||
| 653 | _aDisguise -- Fiction | ||
| 653 | _aCatholics -- United States -- Fiction | ||
| 653 | _aRunaway husbands -- Fiction | ||
| 653 | _aIrish Americans -- Fiction | ||
| 653 | _aNew York (N.Y.) -- Fiction | ||
| 740 | 0 | _aThe Man Who Disappeared | |
| 830 | 0 |
_aProject Gutenberg _v27925 |
|
| 856 | 4 | 0 | _uhttp://www.gutenberg.org/ebooks/27925 |
| 942 | _cEB | ||
| 999 |
_c257180 _d257180 |
||